=LDR 00000nam 2200000 4500 =001 NUTBA000000000002588 =005 20140620171742.0 =006 =007 =008 =020 ##$$a 979-1707-46-4 =035 ##$$a 0010-061400000000531 =082 ##$$a 004.678 =100 ##$$a DDAVID YOGAPRATAMA =245 ##$$aGEOOGLE ADSENSE SUPER MUDAH =260 ##$$a YOGYAKARTA $b IMPERIUM $c 2009 =990 ##$$a 21400613/BPAP-NTB/20142014